000 00690nam a2200265Ia 4500
005 20260121172324.0
008 008 260114s9999 xx 000 0 eng d
020 _a9783030647513
037 _aEBOOK
040 _aCRL
040 _beng
040 _cCRL
041 _2eng
041 _aeng
084 _qCRL
100 _aSaleh Seyedzadeh, Farzad Pour Rahimian
_91087013
245 0 _aData-Driven Modelling of Non-Domestic Buildings Energy Performance
260 _bSpringer
260 _bSpringer
260 _c2021
856 _uhttps://link.springer.com/openurl?genre=book&isbn=978-3-030-64751-3
942 _cEBOOK
999 _c1652750
_d1652750